000 00836nas a2200265 4500
001 BR9904339
003 BR-BrBNA
005 20231205101549.0
007 ta
008 230509b bl.|||p| |||| 00| 00por d
040 _aBR-BrBNA
_bpor
_cBiblioteca Nacional de Agricultura
041 _a(En)
072 _aM40
100 1 _aLopes, R.M.
100 1 _aVale, R. do
100 1 _aBrandini, F.P.
245 1 _aComposicao, abundancia e distribuicao espacial do zooplancton no complexo estuarino de Paranagua durante o inverno de 1993 e o verao de 1994
650 _aCrustaceo
650 _aZooplancton
650 _aEstuario
650 _aSul
773 0 _tRevista Brasileira de Oceanografia (Brazil)
_xISSN 1413-7739
_g(1998), v. 46(2) p. 195-211
_wBR9904339
909 _a202311
_bLúcia
_c55
_dLúcia Elande
942 _2AGRIS
_n0
_cANA
999 _c162559
_d162559